Sports Quiz

Random Sports or Football Quiz

All-Time Big 12 Football Coaches Quiz Stats

 Plays Quiz not verified by Sporcle

Also try: Sports by Lego
Challenge
Share
Tweet
Embed
Score 0/36 Timer 08:00
0 Plays Today
School Coach % Correct
Oklahoma Bob Stoops
96.4%
TexasMack Brown
95.5%
Texas TechMike Leach
88.3%
KansasMark Mangino
85.8%
Kansas StateBill Snyder
85%
Kansas StateBill Snyder
85%
NebraskaTom Osborne
84.2%
NebraskaBo Pelini
83.8%
NebraskaBo Pelini
83.8%
Oklahoma StateMike Gundy
81%
NebraskaBill Callahan
80.2%
MissouriGary Pinkel
73.3%
ColoradoDan Hawkins
72.9%
Texas A&MMike Sherman
71.3%
NebraskaFrank Solich
66%
Kansas StateRon Prince
64.4%
Iowa StateGene Chizik
61.1%
BaylorArt Briles
60.3%
School Coach % Correct
Texas A&MDennis Franchione
57.9%
ColoradoGary Barnett
57.1%
Oklahoma StateLes Miles
51.8%
ColoradoRick Neuheisel
50.6%
Texas A&MR.C. Slocum
47.8%
Iowa StateDan McCarney
47.4%
Iowa State Paul Rhoads
40.1%
TexasJohn Mackovic
40.1%
Texas TechSpike Dykes
39.7%
Oklahoma John Blake
37.2%
MissouriLarry Smith
36.8%
BaylorGuy Morriss
34.8%
KansasGlen Mason
33.2%
KansasTerry Allen
27.1%
BaylorKevin Steele
24.3%
Oklahoma StateBob Simmons
19%
BaylorDave Roberts
9.3%
BaylorChuck Reedy
8.9%

You're not logged in!

Compare scores with friends on all Sporcle quizzes.
Join for Free
OR
Log In

You Might Also Like...

Show Comments

Extras

Top Quizzes Today


Score Distribution

Your Account Isn't Verified!

In order to create a playlist on Sporcle, you need to verify the email address you used during registration. Go to your Sporcle Settings to finish the process.

Report this User

Report this user for behavior that violates our Community Guidelines.

Details: